Growing up in the valley a Nodak babyboomer : ... Read More
Available copies
- 1 of 1 copy available at LARL/NWRL Consortium.
- 1 of 1 copy available at Lake Agassiz Regional Library. (Show preferred library)
Current holds
0 current holds with 1 total copy.
Show Only Available Copies
| Location | Call Number / Copy Notes | Barcode | Shelving Location | Status | Due Date |
|---|---|---|---|---|---|
| Moorhead Public Library | 921 HVI (Text) | 33500013031075 | Main | Available | - |
Record details
- ISBN: 9781732787100
- ISBN: 1732787107
- Physical Description: iv, 198 pages : illustrations ; 22 cm
- Publisher: Thompson, ND : Hvinden Publications, 2018.
Content descriptions
| Summary, etc.: | This memoir covers the author's life through 6th ... Read More |
Search for related items by subject
| Subject: | Hvinden, Nancy Borgeson, 1952- North Dakota > Biography. |
| LDR | 00923nam a2200265Ki 4500 | ||
|---|---|---|---|
| 001 | 314117 | ||
| 003 | LARL_NWRL_CONSORTIUM | ||
| 005 | 20190327170944.0 | ||
| 008 | 190327s2018 ndua 000 0aeng d | ||
| 040 | . | ‡aLAL ‡beng ‡erda ‡cLAL | |
| 020 | . | ‡a9781732787100 ‡q(pb) | |
| 020 | . | ‡a1732787107 ‡q(pb) | |
| 035 | . | ‡a(OCoLC)1090742414 | |
| 100 | 1 | . | ‡aHvinden, Nancy Borgeson |
| 245 | 1 | 0. | ‡aGrowing up in the valley a Nodak babyboomer : ‡bchildhood memories / ‡cby Nancy Borgeson Hvinden. |
| 264 | 1. | ‡aThompson, ND : ‡bHvinden Publications, ‡c2018. | |
| 300 | . | ‡aiv, 198 pages : ‡billustrations ; ‡c22 cm | |
| 336 | . | ‡atext ‡btxt ‡2rdacontent | |
| 337 | . | ‡aunmediated ‡bn ‡2rdamedia | |
| 338 | . | ‡avolume ‡bnc ‡2rdacarrier | |
| 520 | . | ‡aThis memoir covers the author's life through 6th grade or 1952 to 1964. | |
| 600 | 1 | 0. | ‡aHvinden, Nancy Borgeson, ‡d1952- |
| 651 | 0. | ‡aNorth Dakota ‡vBiography. ‡0(LARL_NWRL_CONSORTIUM)168721 | |
| 901 | . | ‡a314117 ‡b ‡c314117 ‡tbiblio | |

Add to basket
Permalink
Disable Highlighting